Fictional Walk of Fame Quiz Stats

Quiz Updated Nov 12, 2017

Challenge
Share
Tweet
Score 0/16 Timer 04:00
2 Plays Today
Hint Character % Correct
Bugs Bunny
98.6%
Snow White
98.6%
The Simpsons
98.4%
Mickey Mouse
98.3%
Donald Duck
98.2%
Shrek
98.1%
Kermit the Frog
98%
Winnie the Pooh
97.8%
Hint Character % Correct
Snoopy
97.4%
Tinker Bell
96.6%
Big Bird
96.3%
Lassie
93.1%
The Rugrats
92.8%
Godzilla
89%
Woody Woodpecker
86.6%
The Munchkins
75.8%

You're not logged in!

Compare scores with friends on all Sporcle quizzes.
Sign Up with Email
OR
Log In

You Might Also Like...

Show Comments

Extras

Top Quizzes Today


Score Distribution

Your Account Isn't Verified!

In order to create a playlist on Sporcle, you need to verify the email address you used during registration. Go to your Sporcle Settings to finish the process.

Report this User

Report this user for behavior that violates our Community Guidelines.

Details: